000 00404nam a2200145Ia 4500
003 SEM
008 141116s9999 xx 000 0 und d
080 _aԽաչ 207
100 _aՀայրունի Աշոտ
245 _aՀովհաննես Լեփսիուս. հայանվեր գործիչն ու հրապարակախոսը
260 _aԵրևան
260 _c2001
300 _a136
942 _2udc
_cBK
999 _c47997
_d47997